Zastosowanie metody reprezentacyjnej w badaniach spoleczno-ekonomicznych

Na minha lista:
Detalhes bibliográficos
Formato: Livro
Idioma:polonês
Publicado em: Warszawa Wyd. Naukowe 1988
Edição:1. wyd.
Tags: Adicionar Tag
Sem tags, seja o primeiro a adicionar uma tag!

MARC

LEADER 00000nam a2200000 4500
001 c032807
005 20250516124022.5
041 0 |a pol 
044 |a PL 
245 1 0 |a Zastosowanie metody reprezentacyjnej w badaniach spoleczno-ekonomicznych 
250 |a 1. wyd. 
264 1 |a Warszawa  |b Wyd. Naukowe  |c 1988 
300 |a 308 s.